|
|
|
|
| LEADER |
00000cam a2200000 7i4500 |
| 001 |
0000002345 |
| 005 |
20230125.0 |
| 008 |
070711 |
| 020 |
|
|
|a 9830212432(set)
|
| 020 |
|
|
|a 9830212475
|
| 090 |
0 |
0 |
|a JF
|b AD MAL (2606)
|
| 100 |
0 |
|
|a Zainal Katim
|
| 245 |
1 |
0 |
|a Mereka jadi hero
|c Zainal Katim
|
| 260 |
|
|
|a Selangor :
|b Pustaka Angsana ,
|c 2005
|
| 440 |
|
0 |
|a Siri terbaru detektif muda
|
| 500 |
|
|
|a Children ages 7-9 years old (orange)
|
| 650 |
|
0 |
|a Adventure
|
| 650 |
|
0 |
|a Malay fiction
|
| 710 |
0 |
|
|a Title
|
| 999 |
|
|
|a 0000968491
|b Book
|c Children Collection
|e Cawangan Tangkak
|
| 999 |
|
|
|a 0000968492
|b Book
|c Children Collection
|e Perbadanan Perpustakaan Awam Johor
|
| 999 |
|
|
|a 0000968493
|b Book
|c Children Collection
|e Cawangan Bukit Gambir
|
| 999 |
|
|
|a 0000968494
|b Book
|c Children Collection
|e Cawangan Batu Pahat
|
| 999 |
|
|
|a 0000968495
|b Book
|c Children Collection
|e Perbadanan Perpustakaan Awam Johor
|
| 999 |
|
|
|a 0000969795
|b Book
|c Children Collection
|e Cawangan Bukit Gambir
|
| 999 |
|
|
|a 0001054293
|b Book
|c Children Collection
|e Cawangan Mersing
|